Statistics for Countries That Contain Consecutive Letters MB

Click here to take the quiz!

General Stats

  • This quiz has been taken 70 times
  • The average score is 4 of 7

Answer Stats

Answer% Correct
Zimbabwe
94%
Zambia
91%
Colombia
55%
Mozambique
50%
The Gambia
45%
Cambodia
44%
Luxembourg
25%

Score Distribution

Percentile by Number Answered

Percent of People with Each Score

Your Score History

You have not taken this quiz